000 00378nam a22001577a 4500
003 OSt
008 220616b ||||| |||| 00| 0 eng d
020 _a9789352132294
082 _a004 ROI
100 _aROSENFELS, Louis
245 _aInformation Architecture for the World Wide Web
250 _a5th
260 _aMumbai
_bOreilly
_c2021
300 _a461
942 _2ddc
_cBK
999 _c11406
_d11406